Aspekty implementácie Business Intelligence v slovenských podnikoch

Gespeichert in:
Bibliographische Detailangaben
1. Verfasser: Hamranová, Anna, 1957-
Körperschaft: Ekonomická univerzita v Bratislave. Fakulta podnikového manažmentu
Weitere Verfasser: Kokles, Mojmír, Godány, Oto
Format: Buch
Sprache:Slowakisch
Veröffentlicht: Bratislava Vydavateľstvo EKONÓM 2013
Ausgabe:1. vyd.
Schlagworte:
Tags: Tag hinzufügen
Keine Tags, Fügen Sie das erste Tag hinzu!

MARC

LEADER 00000nam a2200000 4500
001 0173650
005 20240502072947.0
020 |a 978-80-225-3603-5 
041 0 |a slo 
044 |a SK 
245 1 0 |a Aspekty implementácie Business Intelligence v slovenských podnikoch  |c Anna Hamranová ; recenzenti: Mojmír Kokles, Oto Godány 
250 |a 1. vyd. 
264 1 |a Bratislava  |b Vydavateľstvo EKONÓM  |c 2013 
300 |a 124 s. [7,94 AH] 
610 2 0 |a business intelligence 
610 2 0 |a technológie informačné 
610 2 0 |a systémy informačné 
610 2 0 |a informatika 
610 2 0 |a politika podnikania 
100 1 |a Hamranová, Anna, 1957- 
700 1 |a Kokles, Mojmír 
700 1 |a Godány, Oto 
710 2 |a Ekonomická univerzita v Bratislave. Fakulta podnikového manažmentu